National rural manpower, adjustment to industry : analysis of policies and programmes /

Saved in:
Bibliographic Details
Main Author: Beijer, G.
Format: Book
Language:English
Published: Paris : Organisation for Economic Co-operation and Development, 1965.
Subjects:
Tags: Add Tag
No Tags, Be the first to tag this record!
LEADER 00800cam a2200229I 4500
001 003010446-7
005 20020606093309.7
008 740807s1965 fr b 000 0 eng
010 |a  66004583  
035 0 |a ocm00973768 
040 |a DLC  |c TOL  |d SER  |d HMG 
050 0 |a HB2041  |b .B38 
082 |a 331.127094 
100 1 |a Beijer, G. 
245 1 0 |a National rural manpower, adjustment to industry :  |b analysis of policies and programmes /  |c by G. Beijer. 
260 |a Paris :  |b Organisation for Economic Co-operation and Development,  |c 1965. 
300 |a 116 p.  |c 24 cm. 
410 2 0 |a Organisation for Economic Co-operation and Development.  |b Social Affairs Division.  |t Labour mobility,  |v 3 
504 |a Bibliographical footnotes. 
650 0 |a Rural-urban migration  |z Europe. 
988 |a 20020608 
906 |0 DLC